[Event "RSA-ch U10 Girls"]
[Site "Gauteng"]
[Date "2017.04.06"]
[Round "2"]
[White "Snyders, Meya"]
[Black "Treadwell, Nadia"]
[Result "1-0"]
[WhiteElo "881"]
[BlackElo "611"]
[PlyCount "44"]
[EventDate "2017.04.05"]
[EventType "swiss"]
[EventRounds "11"]
[EventCountry "RSA"]
[SourceTitle "CBM 177 Extra"]
[Source "ChessBase"]
[SourceDate "2017.04.27"]
[SourceVersion "1"]
[SourceVersionDate "2017.04.27"]
[SourceQuality "1"]

1. e4 e6 2. d4 d5 3. e5 c5 4. Nf3 Nc6 5. Bb5 Bd7 6. Bxc6 Bxc6 7. 0-0 Nf6 8. exf6 Qxf6 9. Be3 e5 10. dxe5 Qg6 11. Qd3 Bd7 12. h3 Bxh3 13. Qxg6 hxg6 14. Ng5 Bg4 15. Nd2 d4 16. Bf4 Be7 17. Rfe1 0-0 18. e6 fxe6 19. Nxe6 Rxf4 20. Nc7 Raf8 21. Ne6 Rxf2 22. Nxf8 Rxd2 1-0

[Event "RSA-ch U10 Girls"]
[Site "Gauteng"]
[Date "2017.04.05"]
[Round "1"]
[White "Malan, Jane"]
[Black "Snyders, Meya"]
[Result "1-0"]
[WhiteElo "699"]
[BlackElo "881"]
[PlyCount "55"]
[EventDate "2017.04.05"]
[EventType "swiss"]
[EventRounds "11"]
[EventCountry "RSA"]
[SourceTitle "CBM 177 Extra"]
[Source "ChessBase"]
[SourceDate "2017.04.27"]
[SourceVersion "1"]
[SourceVersionDate "2017.04.27"]
[SourceQuality "1"]

1. e4 e5 2. Nf3 Nc6 3. Bb5 Bd6 4. 0-0 a6 5. Ba4 b5 6. Bb3 Qe7 7. Re1 Nf6 8. c3 0-0 9. h3 Bb7 10. d3 Rad8 11. Nbd2 Na5 12. Bc2 h6 13. b4 Nc6 14. Nh2 Na7 15. Ng4 Nxg4 16. Qxg4 Qe6 17. Qf3 c5 18. Qd1 cxb4 19. cxb4 Bxb4 20. Rb1 Bxd2 21. Bxd2 Qxa2 22. Bb3 Qa3 23. Re3 Qe7 24. Rg3 Qc5 25. Bxh6 Qd6 26. Qd2 Rfe8 27. Qg5 Qg6 28. Qxg6 1-0